000 00712nam a2200289Ia 4500
005 20260324125459.0
008 008 260324s9999 xx 000 0 eng d
020 _a9780203877524
037 _aEBOOK
040 _aCRL
040 _beng
040 _cCRL
041 _2eng
041 _aeng
084 _qCRL
100 _aHans-Heino Ewers
_91178140
245 0 _aFundamental Concepts of Children's Literature Research
245 0 _bLiterary and Sociological Approaches
260 _bTaylor and Francis
260 _c2009
365 _a
365 _b255
856 _uhttp://www.taylorfrancis.com/books/9780203877524
942 _cEBOOK
999 _c1773450
_d1773450